Top 100 Biggest CDPs in Virginia - Statistics

General Stats
  • This quiz has been taken 12 times
  • The average score is 19 of 100
Answer Stats
Rank Answer Population % Correct
1 Arlington 235,463
100%
2 Dale City 72,793
70%
18 Springfield 30,894
70%
12 Annandale 41,982
60%
7 Ashburn 45,551
60%
32 Lorton 21,961
60%
5 McLean 50,232
60%
4 Reston 63,542
60%
21 Tysons 28,022
60%
3 Centreville 71,885
50%
25 Chantilly 23,744
50%
43 Franconia 18,141
50%
58 Great Falls 14,854
50%
38 Lincolnia 19,913
50%
65 Mount Vernon 13,120
50%
10 Burke 43,336
40%
15 Fair Oaks 35,472
40%
44 Gainesville 18,036
40%
13 Mechanicsville 38,437
40%
20 Short Pump 28,177
40%
17 Sterling 31,251
40%
28 West Springfield 22,905
40%
9 Woodbridge 43,443
40%
23 Bailey's Crossroads 25,458
30%
26 Chester 23,519
30%
74 Fairfax Station 12,298
30%
91 George Mason 9,954
30%
39 Midlothian 18,702
30%
14 Oakton 36,776
30%
19 West Falls Church 30,660
30%
56 Wolf Trap 16,020
30%
24 Brambleton 23,999
20%
89 Difficult Run 10,202
20%
52 Glen Allen 16,630
20%
64 Huntington 13,250
20%
8 Lake Ridge 45,007
20%
30 McNair 22,451
20%
35 Merrifield 20,549
20%
61 Newington 13,824
20%
96 Seven Corners 9,171
20%
16 South Riding 34,200
20%
6 Tuckahoe 48,610
20%
90 Woodburn 10,046
20%
60 Brandermill 13,938
10%
59 Broadlands 14,673
10%
47 Burke Centre 17,447
10%
22 Cave Spring 26,014
10%
95 Crozet 9,211
10%
99 Dunn Loring 8,782
10%
62 Groveton 13,563
10%
57 Highland Springs 15,091
10%
63 Kings Park West 13,281
10%
84 Lake Barcroft 10,678
10%
83 Lake Monticello 10,820
10%
42 Laurel 18,180
10%
29 Leesylvania 22,848
10%
72 Newington Forest 12,434
10%
54 Stone Ridge 16,340
10%
41 Sudley 18,420
10%
76 Wakefield 12,024
10%
75 Wyndham 12,084
10%
85 Yorkshire 10,678
10%
93 Belmont 9,525
0%
49 Bon Air 17,302
0%
36 Buckhall 20,447
0%
51 Bull Run (Prince William County) 16,688
0%
70 Cascades 12,489
0%
27 Cherry Hill 23,443
0%
94 Countryside 9,521
0%
78 Dranesville 11,860
0%
55 East Highland Park 16,071
0%
92 Fishersville 9,546
0%
71 Forest 12,476
0%
53 Fort Hunt 16,519
0%
40 Franklin Farm 18,509
0%
82 Gloucester Point 11,159
0%
50 Hollins 17,005
0%
45 Hybla Valley 17,877
0%
46 Idylwood 17,469
0%
88 Independent Hill 10,217
0%
48 Kingstowne 17,436
0%
67 Lakeside 12,845
0%
69 Lansdowne 12,603
0%
11 Linton Hall 42,077
0%
87 Loudoun Valley Estates 10,323
0%
81 Lowes Island 11,199
0%
86 Madison Heights 10,398
0%
73 Manchester 12,347
0%
37 Meadowbrook 20,383
0%
31 Montclair 22,295
0%
100 Montrose 8,624
0%
79 New Baltimore 11,595
0%
98 Rockwood 8,834
0%
34 Rose Hill (Fairfax County) 21,484
0%
77 Stuarts Draft 11,920
0%
66 Sugarland Run 12,920
0%
68 Timberlake 12,833
0%
80 Triangle 11,265
0%
97 University of Virginia 9,159
0%
33 Woodlawn (Fairfax County) 21,828
0%
No matching quizzes found
Score Distribution
Percent of People with Each Score
Percentile by Number Answered
Your Score History
You have not taken this quiz